| 000 | 00421 a2200121 4500 | ||
|---|---|---|---|
| 001 | ART_51408 | ||
| 005 | 20260410161746.0 | ||
| 008 | 260409a | ||
| 245 | 1 | 0 | _aLas comisiones médicas y la habilitación de las acciones judiciales directas en materia de riesgos del trabajo |
| 100 | 1 | _aFormaro, Juan J. | |
| 700 | 1 | _aGaleazzi, Mario B. | |
| 773 | 0 |
_tDoctrina laboral _g- N° 422 (oct. 2020) _wREV4049 |
|
| 999 |
_c19195 _d19195 |
||